La polt̕ica mexicana de telecomunicaciones

Detalles Bibliográficos
Autor principal: Biebrich Torres, Carlos Armando
Otros Autores: Spn̕dola Yę̀z, Alejandro
Formato: eBook
Lenguaje:español
Publicado: Ciudad de Mx̌ico: Cm̀ara de Diputados, 2008
Materias:
Acceso en línea:Acceso restringido

MARC

LEADER 00000nam a22000007a 4500
005 20171221161618.0
007 cr|||| ||||
008 171221s2008 mx |||||s|||| 00||0 spa d
020 |a 978-968-9394-00-6 
035 |a 20925 
040 |a vLex 
090 |c 7331  |d 7331 
100 1 |a Biebrich Torres, Carlos Armando 
245 1 3 |a La polt̕ica mexicana de telecomunicaciones  |h [Recurso electrn̤ico] /  |c Carlos Armando Biebrich Torres; Alejandro Spn̕dola Yę̀z 
256 |a Servicio en ln̕ea 
260 |a Ciudad de Mx̌ico:  |b Cm̀ara de Diputados,  |c 2008 
300 |a 1 recurso electrn̤ico 
506 1 |a Disponible solo en los productos indicados  |d vLex Global  |d vLex Global (Academic Edition, excluding Law Schools)  |d vLex Global (U.S. Academic Edition, Law Schools)  |d vLex Global (U.S. Academic Edition, excluding Law Schools)  |d vLex Global (Academic Edition, Law Schools) 
650 0 4 |a Derecho Pb︢lico y Administrativo  |z Mx̌ico 
650 0 4 |a Telecomunicaciones  |z Mx̌ico 
700 1 |a Spn̕dola Yę̀z, Alejandro  
740 0 |a vLex Libros (Servicio en ln̕ea) 
856 4 0 |u http://vlex.com/source/politica-mexicana-de-telecomunicaciones-20925  |z Acceso restringido 
942 |c BOOK 
999 0 |a Public and administrative law 
999 0 |a Telecommunication